000 00332 a2200157 4500
001 186287
020 _a85-305-0117-9
040 _cMagnum
100 _aCarrasco, Walcyr
240 1 0 _aMeu primeiro beijo
_lpor
245 1 0 _aMeu primeiro beijo
300 _a112
362 0 _a1997
697 _aLITERATURA JUVENIL
942 _cBK
999 _c186287
_d186287